000 01265nam a2200181 a 4500
001 416
003 CO-ViMGA
008 141112s2004 ck r 000 u spa d
040 _aCO-ViMGA
_bspa
_cCO-ViMGA
082 0 4 _a616.07566 A733
100 1 _aArgeri, Nelson Jorge
_948193
245 1 0 _aAnálisis de orina :
_bfundamentos y práctica /
_cJorge Argeri Nelson , Lopardo Horacio Ángel
260 _aBuenos Aires :
_bMedica PanAméricana,
_c1993
300 _a224 p : il
505 _aElementos básicos de embriología y anatomía renal Sistemas de transporte celular; Sustancias orgánicas e inorgánicas 13 - - Importancia fundamental de la colección de la muestra destinada al análisis de orina 21 - - El análisis de rutina de la orina Fundamentos, interpretación; y Tecnicas de las principales pruebas de laboratorio 25 - - Tecnicas que no forman parte del análisis de rutina de la orina 81 - - Pruebas de funcionalismo renal Interpretación clínica. Tecnicas 115 - - Los cálculos urinarios 133 - - Los grandes síndromes en patología renal 141 - - Las proteínas urinarias 149 - - El diagnóstico microbiológico de la infección urinaria 163 - - La orina en el diagnóstico del embarazo 197
650 1 4 _aORINA - ANALISIS
_948194
942 _2ddc
_cBK
999 _c12658
_d12658